A history of technology and invention : Progress through the ages

This book introduce about methods of producing power, the machine industries, transportation and communication, military techniques, constructing and equipping urban buildings, the extraction and exploitation of natural resources, the textile industries, techniques of expression, the spread of techn...

Ausführliche Beschreibung

Gespeichert in:
Bibliographische Detailangaben
Format: Buch
Sprache:Undetermined
Veröffentlicht: London John Murray 1980
Schlagworte:
Tags: Tag hinzufügen
Keine Tags, Fügen Sie den ersten Tag hinzu!
Thư viện lưu trữ: Trung tâm Học liệu Trường Đại học Cần Thơ
LEADER 00938nam a2200205Ia 4500
001 CTU_228650
008 210402s9999 xx 000 0 und d
082 |a 609 
082 |b H673/Vol.3 
245 2 |a A history of technology and invention : 
245 0 |b Progress through the ages 
245 0 |c Edited and with an introduction by Maurice Daumas ; Translated by Eileen B. Hennessy 
260 |a London 
260 |b John Murray 
260 |c 1980 
520 |a This book introduce about methods of producing power, the machine industries, transportation and communication, military techniques, constructing and equipping urban buildings, the extraction and exploitation of natural resources, the textile industries, techniques of expression, the spread of technical progress. 
650 |a Công nghệ,Technology 
650 |x Lịch sử,History 
910 |b dqhieu 
980 |a Trung tâm Học liệu Trường Đại học Cần Thơ